Slovakia External Relations Briefing: External Relations of Slovakia in 2020

Ciele zahraničnej politiky Slovenskej republiky v roku 2020. Vnútorný faktor zahraničnej politiky SR boli parlamentné voľby 29. februára 2020 - nová vláda. Vonkajší faktor - pandémia COVID-19.

Na minha lista:
Detalhes bibliográficos
Autor principal: Ondriaš, Juraj, 1988-
Formato: Capítulo de Livro
Idioma:inglês
Assuntos:
Tags: Adicionar Tag
Sem tags, seja o primeiro a adicionar uma tag!

MARC

LEADER 00000naa a2200000 4500
001 0271591
005 20240502083825.3
041 0 |a eng 
044 |a HU 
245 1 0 |a Slovakia External Relations Briefing: External Relations of Slovakia in 2020  |c Juraj Ondriaš 
520 |a Ciele zahraničnej politiky Slovenskej republiky v roku 2020. Vnútorný faktor zahraničnej politiky SR boli parlamentné voľby 29. februára 2020 - nová vláda. Vonkajší faktor - pandémia COVID-19. 
610 2 0 |a politika zahraničná 
610 2 0 |a pandémia 
610 2 0 |a koronavírus 
610 2 0 |a Slovensko 
100 1 |a Ondriaš, Juraj, 1988-